| 000 | 00414nam a2200169Ia 4500 | ||
|---|---|---|---|
| 001 | 17381 | ||
| 003 | GE_BSU | ||
| 008 | 181216s||||||||xx |||||||||||||| ||und|| | ||
| 040 | _cGE_BSU | ||
| 080 | _a811.111 | ||
| 100 | _aClare,Antonia. Wilson,J.J. | ||
| 245 | _aTotal English. Students book Intermediate(CD). | ||
| 300 | _a176p. | ||
| 541 | _h7Gel. | ||
| 653 | _aTotal English. Intermediate.Workbook | ||
| 942 | _cBK | ||
| 999 |
_c50436 _d50436 |
||